000 004640000a22001450004500
090 _aAR
_b04850
100 1 _aHarold, Antony S.
_999016
700 1 _aVari, Richard P.
_992347
700 1 _aMachado Allison, A.
_999017
700 1 _aProvenzano, F.
_999018
245 1 0 _aCreagrutus hysginus (Teleostei: Characiformes), A new species of Characid from Northeastern Venezuela, Sucre state
041 0 _aInglés
942 _cARTICULO
773 1 _tCopeia
_h4
_q975-979
_d1994
999 _c13951
_d13951